000 01167pam a2200361 a 4500
999 _c1619
_d1619
001 015734304
003 Uk
005 20230116110751.0
008 110117r20112010nyua j 000|f eng|d
015 _aGBB109272
_2bnb
016 7 _a015734304
_2Uk
020 _a9780810997264 (pbk.) :
040 _aStDuBDS
_beng
_cStDuBDS
_dUk
_dKH8
042 _aukblcatcopy
082 0 4 _a813.6 BUC
_222
100 1 _aBuckley, Michael,
_d1969-
_eauthor
245 1 4 _aThe inside story /
_cMichael Buckley ; pictures by Peter Ferguson.
260 _aNew York ;
_aLondon :
_bAmulet,
_c2011.
300 _a266 p. :
_bill. ;
_c18 cm.
336 _atext
_2rdacontent
337 _aunmediated
_2rdamedia
338 _avolume
_2rdacarrier
490 0 _aThe sisters Grimm ;
_vbk. 8
500 _aOriginally published: 2010.
500 _aFormerly CIP.
_5Uk
650 0 _aBrothers and sisters
_vJuvenile fiction.
650 0 _aCharacters and characteristics in literature
_vJuvenile fiction.
650 0 _aMagic
_vJuvenile fiction.
655 0 _aDetective and mystery stories.
655 0 _aChildren's stories.
700 1 _aFerguson, Peter,
_d1968-
_eillustrator
942 _2ddc
_cNFIC